Word Ladder: Orson Welles Quiz Stats

 Plays Quiz Updated Sep 25, 2017

Challenge
Share
Tweet
Embed
Score 0/18 Timer 02:00
0 Plays Today
Clue 4-Letter Word % Correct
Not a fewMANY
95%
SolitaryLONE
94.9%
A country roadLANE
94%
Flamingo huePINK
94%
SelectPICK
92.6%
• 1958: The ___, Hot Summer •• LONG •
92.5%
Michigan, Geneva, or Baikal, e.g.LAKE
88.8%
Vintage video gamePONG
86.5%
'Fargo' actor William H.MACY
86.1%
Clue 4-Letter Word % Correct
Sound of engine troublePING
85.8%
• 1973: F for ___• FAKE •
84.8%
Like a decorative fabricLACY
84.2%
1981 Billy Idol song when doubledMONY
79.6%
Lose strengthFADE
77.5%
• 1947: The ___ from Shanghai •• LADY •
77.3%
• 1956: ___ [last rung] (Unfinished) •
Or an 1851 Herman Melville novel ___-[last rung]
• MOBY •
76.1%
• 1956: [first rung] ___ (Unfinished) •
Or an 1851 Herman Melville novel [first rung]-___
• DICK •
75.9%
Stow on a shipLADE
72.5%

Today's Daily Dose

You're not logged in!

Compare scores with friends on all Sporcle quizzes.
OR
Log In

You Might Also Like...

Show Comments

Extras

Top Quizzes Today


Score Distribution

Your Account Isn't Verified!

In order to create a playlist on Sporcle, you need to verify the email address you used during registration. Go to your Sporcle Settings to finish the process.

Report this User

Report this user for behavior that violates our Community Guidelines.

Details: